Score 0/24 Timer 02:00
1 Play Today
Hint Answer % Correct
Elizabeth Banks
Lucy/Wyldstyle
Virgin
93.7%
Elizabeth Banks
Lucy/Wyldstyle
Hunger
91.8%
Liam Neeson
Bad Cop/Good Cop
Titans
90.7%
Morgan Freeman
Vitruvius
Baby
89.8%
Will Arnett
Batman
Aliens
85.5%
Morgan Freeman
Vitruvius
Almighty
83.7%
Morgan Freeman
Vitruvius
Driving
83.5%
Chris Pratt
Emmet
Zero
83.3%
Morgan Freeman
Vitruvius
Shawshank
82.7%
Will Arnett
Batman
Glory
81%
Will Ferrell
Lord Business
Fiction
74.5%
Liam Neeson
Bad Cop/Good Cop
Batman
73.6%
Hint Answer % Correct
Liam Neeson
Bad Cop/Good Cop
Schindler's
73.3%
Liam Neeson
Bad Cop/Good Cop
Gangs
71.7%
Will Ferrell
Lord Business
Step
70.5%
Will Ferrell
Lord Business
Other
64.3%
Will Arnett
Batman
Despicable
59%
Will Ferrell
Lord Business
School
51.1%
Chris Pratt
Emmet
Engagement
46.5%
Elizabeth Banks
Lucy/Wyldstyle
Idiot
39.8%
Chris Pratt
Emmet
Number
31.2%
Elizabeth Banks
Lucy/Wyldstyle
Ledge
27.7%
Will Arnett
Batman
Nut
19.4%
Chris Pratt
Emmet
Delivery
4.8%

Today's Daily Dose

Missing Word
I Hardly Know Her!

Word Ladder
Sentence Ending

Quick Pick
Female Firsts

Get the Picture
Triathlon Sports

Remove Ads.
Support Sporcle.
Get the best of Sporcle when you Go Orange. This ad-free experience offers more features, more stats, and more fun while also helping to support Sporcle. Thank you for becoming a member.

You're not logged in!

Compare scores with friends on all Sporcle quizzes.
OR
Log In

Show Comments

Extras

Top Quizzes Today


Score Distribution

Your Account Isn't Verified!

In order to create a playlist on Sporcle, you need to verify the email address you used during registration. Go to your Sporcle Settings to finish the process.

Report this User

Report this user for behavior that violates our Community Guidelines.

Details: